000 00494nam a2200193Ia 4500
003 GCL
008 140319s9999 xx 000 0 ara d
040 _aGCL /
_cGCL
082 0 4 _a158.4
_bع ق
100 1 _aعباس محمود عوض
245 1 0 _aالقيادة والشخصية /
_cعباس محمود عوض
300 _a375 ص
490 _a
650 0 4 _aعلم النفس
650 0 4 _aالشخصية
650 0 4 _aالقيادة
650 0 4 _aالابداع
942 _2ddc
_cBK
999 _c45245
_d45245